000 00251nam a22001217a 4500
999 _c533471
_d533471
040 _cdlc
082 _a823.914
100 _aBarbara Taylor Bradford
_927379
245 _aThree weeks in Paris
260 _c2002
300 _a323p
942 _2ddc
_cBK